000 00316nam a2200133Ia 4500
008 191201s2011 xx 000 0 und d
100 _aBHATTACHARYYA, Dipak Kumar
245 0 _aCompensation Management
250 _aIMP 4th
260 _aN. Delhi
_bOxford
_c2011
300 _a448
650 _aMBA
942 _2ddc
_cBK
999 _c4801
_d4801